000 00583nam a2200229Ia 4500
003 OSt
005 20220928103942.0
006 a|||||r|||| 00| 0
007 ta
008 220927b |||||||| |||| 00| 0 eng d
024 _a61559
037 _cTextual
040 _aSDCL
_cSDCL
_beng
041 _2eng
_aeng
082 _aO152,3M80,13, K9
100 _aPremchand
_9392833
245 0 _aSevasadan.
260 _aAllahabad
_bSaraswati Press
_c1969
300 _a250p
_ccm.
942 _hO152,3M80,13, K9
_cTEXL
_2CC
999 _c723216
_d723216